000 00816nam a2200205 a 4500
003 0
005 20250213094408.0
008 130129s19uu xx 00 eng d
050 _aPHS VK 1401.P5
_b.T245 2012
100 _aTaylor, Paul Norris P.
245 _aA sociopolitical historical investigation of 18th century piracy in the Caribbean Sea and 21st century piracy in the Indian Ocean /
_cPaul Norris P. Taylor.
260 _aLas PiƱas City, Philippines :
_bSouthville International School and Colleges,
_c2012.
300 _a25 pages ;
_c28 cm.
504 _aIncludes bibliographical references.
650 _aPirates
_xInfluence.
650 _aPirates
_xHistory.
650 _aPirates
_zCaribbean Area
_xHistory
_y18th century.
650 _aPirates
_zIndian Ocean
_xHistory
_y21st century.
942 _2lcc
_cPASS
999 _c98893
_d98893